000 00439nam a2200157 4500
001 117729
003 ES-MaACL
005 20230906190947.0
007 t|
008 070214s1971 sp r ||||1| spa d
100 1 _aPedros-Martí, Ramos S.
_989944
245 1 0 _aDos hachas contra la muerte /
_cRamón S. Pedros-Martí.
260 _aPalencia :
_bRocamador,
_c1971.
300 _a64 p. ;
_c22 cm.
852 _aES-MaACL
_jC-44588
_bR.76734
999 _c117729
_d117729